America's Highest State Capital Cities Quiz Stats

Quiz not verified by Sporcle

Challenge
Share
Tweet
Embed
Score 0/13 Timer 03:00
0 Plays Today
Capital City % Correct
Denver
95.4%
Salt Lake City
95.4%
Santa Fe
92.3%
Cheyenne
92.3%
Helena
90.8%
Boise
90.8%
Carson City
87.7%
Pierre
84.6%
Phoenix
84.6%
Bismarck
83.1%
Lincoln
80%
Oklahoma City
72.3%
Atlanta
52.3%

You're not logged in!

Compare scores with friends on all Sporcle quizzes.
Sign Up with Email
OR
Log In

You Might Also Like...

Show Comments

Extras

Top Quizzes Today


Score Distribution

Your Account Isn't Verified!

In order to create a playlist on Sporcle, you need to verify the email address you used during registration. Go to your Sporcle Settings to finish the process.